LEADER 03654 am 2200745 n 450 001 9910418034103321 005 20200623 010 $a2-7535-6682-8 024 7 $a10.4000/books.pur.141052 035 $a(CKB)5340000000065360 035 $a(FrMaCLE)OB-pur-141052 035 $a(oapen)https://directory.doabooks.org/handle/20.500.12854/58118 035 $a(PPN)267959664 035 $a(EXLCZ)995340000000065360 100 $a20200825j|||||||| ||| 0 101 0 $afre 135 $auu||||||m|||| 181 $ctxt$2rdacontent 182 $cc$2rdamedia 183 $acr$2rdacarrier 200 13$aLa religion des femmes en Grèce ancienne $eMythes, cultes et société / 210 $aRennes $cPresses universitaires de Rennes$d2020 215 $a1 online resource (282 p.) 311 $a2-7535-0882-8 330 $aVingt ans après la publication de La Fille d?Athènes, Mythes, cultes et société, ouvrage majeur de Pierre Brulé, il convient de suivre les traces de ces petites Athéniennes, sans doute devenues épouses et mères et, chemin faisant, de revenir sur les travaux pionniers de cet helléniste hors norme. En effet, il importe de se mettre en quête de la place que le féminin tient dans les mythes et les rites grecs, de reconsidérer la vision que les hommes proposent des pratiques religieuses des femmes et de revisiter les divinités qui les concernent plus spécifiquement, autant de pistes abordées dans le présent ouvrage. Il s?agit de se demander comment les femmes grecques appréhendaient le domaine cultuel et si elles le faisaient d?une manière particulière, spécifique à leur « nature féminine ». S?agissait-il d?un des seuls domaines dans lequel elles auraient pu trouver une forme d?expression publique et de reconnaissance sociale ? Peut-on parler encore de « citoyenneté cultuelle » pour les femmes grecques ? Il convient toutefois de ne jamais oublier que la « religion des filles c?est celle que les hommes font fonctionner, et d?une certaine façon, utilisent ». Dans le présent volume des contributions sont rassemblées et organisées autour de trois parties : les figures féminines, déesses et héroïnes ; les mots et les noms du féminin et, enfin, les passages et les transmissions féminins. 606 $aClassics 606 $aHistory 606 $areligion 606 $aGrèce ancienne 606 $amythes 606 $acultes 606 $afigure féminine 610 $amythes 610 $afigure féminine 610 $acultes 610 $aGrèce ancienne 610 $areligion 615 4$aClassics 615 4$aHistory 615 4$areligion 615 4$aGrèce ancienne 615 4$amythes 615 4$acultes 615 4$afigure féminine 700 $aBodiou$b Lydie$0732251 701 $aBoehringer$b Sandra$01268538 701 $aBrulé$b Pierre$0384569 701 $aCalame$b Claude$0144179 701 $aGherchanoc$b Florence$0328073 701 $aLeduc$b Claudine$0185875 701 $aMehl$b Véronique$01286004 701 $aMonbrun$b Philippe$0476400 701 $aOulhen$b Jacques$01284710 701 $aPirenne-Delforge$b Vinciane$0474721 701 $aPironti$b Gabriella$0607366 701 $aSchmitt Pantel$b Pauline$01284576 701 $aSebillotte-Cuchet$b Violaine$01289534 701 $aWilgaux$b Jérôme$01283344 701 $aBodiou$b Lydie$0732251 701 $aMehl$b Véronique$01286004 801 0$bFR-FrMaCLE 906 $aBOOK 912 $a9910418034103321 996 $aLa religion des femmes en Grèce ancienne$93023407 997 $aUNINA LEADER 01799nam--2200433---450- 001 990002922660203316 005 20071003140457.0 010 $a92-79-00053-5 035 $a000292266 035 $aUSA01000292266 035 $a(ALEPH)000292266USA01 035 $a000292266 100 $a20070511d2005----km-y0itaa50------ba 101 0 $aeng 102 $aLU 105 $aa---z---001yy 200 1 $aReconciliation of work and private life$ea comparative review of some recent policy reforms in thirty European countries$fJanneke Plantenga & Chantal Remery$gwith the assistance of Petra Helming$gGroup of experts on gender, social inclusion and employment (EGGSIE), the national experts and co-authors$gEuropean Commission, Directorate-General for employment, social affairs and equal opportunities, Unit G.1 210 $aLuxembourg$cOffice for official publications of the European Communities$d2005 215 $a94 p.$d30 cm 606 0 $aLavoro delle donne$yPaesi della Comunità europea 676 $a306.36094 676 $a331.4094 699 $a13.09$bLavoratori 700 1$aPLANTENGA,$bJanneke$z<1956- >$0597044 701 1$aREMERY,$bChantal$0597045 702 1$aHELMING,$bPetra 712 02$aCommissione europea :$bDirezione generale Occupazione, affari sociali e pari opportunità 801 0$aIT$bsalbc$gISBD 912 $a990002922660203316 951 $aCDE 13.09 (X)$bCDE 1197$cCDE 13.09$d00149198 959 $aBK 969 $aCDE 979 $aMARIAS$b90$c20070511$lUSA01$h1114 979 $aMARIAS$b90$c20070511$lUSA01$h1116 979 $aMARIAS$b90$c20070928$lUSA01$h1401 979 $aMARIAS$b90$c20071003$lUSA01$h1404 979 $aBATCH-UPD$b90$c20111212$lUSA01$h1316 996 $aReconciliation of work and private life$91029357 997 $aUNISA